• 首页
  • 本馆介绍
  • 公告通知
  • 最新文献
  • 馆藏检索
  • 电子资源
  • 读者导购
  • 参考咨询
  • 我的图书馆
  • 登录
  • 详细信息显示
  • 放入我的书架
  • 预约/预借图书
  • 作者相关作品
  • 分类相关作品
  • 丛书相关作品
  • 出版社相关作品

书目信息

  • 表格格式
  • 工作单格式
  • 卡片格式
题名:
高新技术企业营销策略
    
 
作者: 张德斌 , 关敏 主编
分册:  
出版信息: 北京   中国国际广播出版社  2002
页数: 496页
开本: 21cm
丛书名: MBA营销实务与案例丛书
单 册:
中图分类: F276.44
科图分类:
主题词: 高技术产业--企业管理--市场营销学
电子资源:
ISBN: 7-5078-2070-X
000 00897oam2 2200241 45
005 20070729093754.37
010    @a7-5078-2070-X@dCNY29.00
100    @a20020208d2002 em y0chiy0110 ea
101 0  @achi
102    @aCN@b110000
105    @ay z 000yy
200 1  @a高新技术企业营销策略@Agao xin ji shu qi ye ying xiao ce lue@f张德斌,关敏主编
210    @a北京@c中国国际广播出版社@d2002
215    @a496页@d21cm
225 2  @aMBA营销实务与案例丛书
330    @a本书从高新技术企业与营销的关系入手,对高新技术企业的创立模式、市场策略、竞争者研究、产品策略、定价策略、销售渠道策略、销售组织、国际营销策略等各个方面的营销活动进行了全面阐述。
461  0 @12001 @aMBA营销实务与案例丛书
606 0  @a高技术产业@x企业管理@x市场营销学
690    @aF276.44@v4
701  0 @a张德斌@Azhang de bin@4主编
701  0 @a关敏@Aguan min@4主编
801  0 @aCN@bWHC@c20070729
905    @a10447@dF276.44@e683
    
    高新技术企业营销策略/张德斌,关敏主编.-北京:中国国际广播出版社,2002
    496页;21cm.-(MBA营销实务与案例丛书)
    
    
    ISBN 7-5078-2070-X:CNY29.00
    本书从高新技术企业与营销的关系入手,对高新技术企业的创立模式、市场策略、竞争者研究、产品策略、定价策略、销售渠道策略、销售组织、国际营销策略等各个方面的营销活动进行了全面阐述。
●
相关链接 在E读中查询图书 在五车中查询图书 在当当中查询图书 在豆瓣中查询图书


正题名:高新技术企业营销策略     索取号:F276.44/683         预约/预借

序号 登录号 条形码 馆藏地/架位号 状态 备注
1 0784040   207840407   第一样本阅览室/ [索取号:F276.44/683] 在馆    
2 0784041   207840416   第一借阅区/ [索取号:F276.44/683] 在馆    
3 0784815   207848150   第一借阅区/ [索取号:F276.44/683] 在馆    
唐山师范学院图书馆 欢迎您!
大连网信软件有限公司© 版权所有